000 00391nam a22001457a 4500
020 _qHard Cover.
040 _cNUST NBC.
082 _a005.43
_bPET
100 _a James L Peterson.
_9103048
245 _aOperating System Concepts /
_cPeterson, James L
260 _bAddison-Wesley,
_c1985.
300 _a625 p. :
_bill. ;
_c35cm.
650 _xSystem Engineering.
_91402
942 _2ddc
_cBK
999 _c592390
_d592390